000 00376nam a2200157Ia 4500
003 Ost
005 20260225132548.0
008 260225s9999||||xx |||||||||||||| ||und||
040 _cfsic
041 _afre
082 _a440
100 _aFrére Jean-Marie cortade
_eAuteur
245 0 _aEssai de Grammaire touareg /
245 0 _cFrére Jean-Marie cortade
942 _cكتاب
999 _c33974
_d33974